| 000 | 00708nam a22002177a 4500 | ||
|---|---|---|---|
| 003 | BUBTL | ||
| 008 | 210922b ||||| |||| 00| 0 eng d | ||
| 020 | _a9780393965940 | ||
| 082 | _a823.5 / F4601t 1995 | ||
| 100 |
_94194 _a Fielding, Henry |
||
| 245 |
_aTom Jones : _ban authoritative text, contemporary reactions, criticism / _cHenry Fielding, Sheridan Baker |
||
| 250 | _a2nd edn. | ||
| 260 |
_aNew York : _bW. W. Norton & Company, _cc1995. |
||
| 300 |
_aviii, 804 p. : _c22 cm. |
||
| 440 |
_94195 _aNorton critical edition. |
||
| 650 | 0 |
_91994 _aEnglish Literature |
|
| 700 |
_94196 _aBaker, Sheridan |
||
| 856 |
_k0 _l0 _yDownload |
||
| 942 |
_2ddc _cBK |
||
| 999 |
_c6530 _d6530 |
||